| 000 | 00723nam a2200181Ia 4500 | ||
|---|---|---|---|
| 008 | 151202s9999||||xx |||||||||||||| ||und|| | ||
| 082 | _bPNVM-14479 | ||
| 100 | _aकोलते वि. भि. | ||
| 245 | _aरुकिमणीस्वयंवर नरेंद्र कवि कृत. | ||
| 260 | _b"अरुण प्रकाशन, मलकापूर." | ||
| 260 | _c0 | ||
| 300 | _a0 | ||
| 600 | _aकोलते वि. भि. | ||
| 630 | _aरुकिमणीस्वयंवर नरेंद्र कवि कृत. | ||
| 700 | _aकोलते वि. भि. | ||
| 730 | _aरुकिमणीस्वयंवर नरेंद्र कवि कृत. | ||
| 942 | _cBOOK | ||
| 999 |
_c1280465 _d1280462 |
||